000
00308nam a2200121Ia 4500
008
190216s9999||||xx |||||||||||||| ||und||
100
_a
Saxena H C
245
0
_a
Examples In Finite Differences And Numerical Analysis
260
_b
S Chand & Co
_c
1988
300
_a
336p
650
_a
Mathematics
942
_c
BK
999
_c
30989
_d
30989